000
00286nam a22001217a 4500
082
_a
621.3744 GHI'H
100
_a
MIDDLETON, R. G,GHIRARDI, A. A
_9
80469
245
_a
HOW TO USE TEST PROBES
250
_a
1ST
260
_a
NEWYORK
_b
JOHN F. RIDER
_c
1954
300
_a
172P
942
_c
BK
999
_c
585395
_d
585395